000 00757 a2200241 4500
005 20251125142714.0
008 251125b |||||||| |||| 00| 0 eng d
020 _a9781138082342 (pbk)
037 _cTB
040 _aCRL
_cCRL
041 _2eng
_aeng
084 _aR4,(Z1) R5
_qCRL
100 _aParry, Jonathan
_9821135
245 _aEthics of humanitarian intervention
260 _aLondon, UK;
_aNew York, USA:
_bRoutledge,
_c2025.
300 _a181p.
365 _b35.99
_cUKP
650 _aPhilosophy
_9852951
650 _aEthic
_9852952
650 _aInternational Law
_9852953
942 _cTB
_2CC
_n0
_hR4,(Z1) R5
999 _c1435325
_d1435325